LEADER 01313nam a2200253 i 4500 001 000000067024 003 CaOOAMICUS 005 20140130000000.0 008 140130s1957 it u000 u ita u 013 $a38196 040 $aSeMil$bita 100 1 $aMolinari, Franco,$d<1928-1991>.$0(OLS)http://semarc/name/14470 245 13$aIl Card. Teatino Beato Paolo Burali e la riforma tridentina a Piacenza (1568-1576) /$cdi Don Franco Molinari. 260 $aRomae :$bApud Aedes Universitatis Gregorianae,$c1957. 300 $aXXIII, 420 p. ;$c24 cm. 490 0 $aAnalecta Gregoriana ;$v87. 490 0 $aAnalecta Gregoriana. Series Facultatis Historiae Ecclesiasticae. Sectio B ;$v14 600 14$aBurali, Paolo : d'Arezzo .$0(OLS)http://semarc/subject/9425 830 0$aAnalecta Gregoriana ;$v87.$0(OLS)http://semarc/title/9 830 0$aAnalecta Gregoriana. Series Facultatis Historiae Ecclesiasticae. Sectio B ;$v14.$0(OLS)http://semarc/title/19232 850 $aSeMil 852 $aSeMil$W1$xVenegono$y1$m2N V 187 ^$j33177$B33177$CSeMilBibl$Z2$F33180 $81 996 $6245$aIl Card. Teatino Beato Paolo Burali e la riforma tridentina a Piacenza (1568-1576)$9(OLS)http://semarc/title/106738 996 $6260$aRomae :$bApud Aedes Universitatis Gregorianae$9(OLS)http://semarc/publisher/30266 LEADER 01188nam a2200277 i 4500 001 000000199624 003 CaOOAMICUS 005 20260410140434.0 008 110325s2011 it u000 u ita u 013 $a178316 020 $a978-88-311-3784-3 040 $aSeMil$bita 100 1 $aChiarazzo, Rosario <1958- >.$0(OLS)http://semarc/name/22420 245 10$aLettera di Giacomo /$cRosario Chiarazzo. 260 $aRoma :$bCittà Nuova,$c2011. 300 $a149 p. ;$c21 cm. 490 0 $aNuovo Testamento : commento esegetico e spirituale 650 4$aBibbia. Nuovo Testamento. Lettera di Giacomo - Commentari, studi, critica e interpretazioni.$0(OLS)http://semarc/subject/29826 830 0$aNuovo Testamento : commento esegetico e spirituale.$0(OLS)http://semarc/title/627 850 $aSeMil 852 $aSeMil$W1$xVenegono$y1$m2WA Q 12$j268382$B150165$CSeMilBibl$Z2$F161518 $81 961 $aSottoscrizione: Città Nuova (Agente) 996 $6020$a978-88-311-3784-3$9(OLS)http://semarc/number/192010 996 $6245$aLettera di Giacomo$9(OLS)http://semarc/title/143859 996 $6260$aRoma :$bCittà Nuova$9(OLS)http://semarc/publisher/29609